English Songs Translated To Dutch - Statistics

General Stats
  • This quiz has been taken 16 times
  • The average score is 11 of 20
Answer Stats
Dutch English % Correct
Onder De Brug Under The Bridge
85%
Wij Zijn De Kampioenen We Are The Champions
85%
Verblindende Lichten Blinding Lights
77%
Danskoningin Dancing Queen
77%
Drie Kleine Vogels Three Little Birds
77%
Stop Niet Met Geloven Don't Stop Believin'
62%
Verlies Jezelf Lose Yourself
62%
Geld Voor Niets Money For Nothing
62%
Paarse Regen Purple Rain
62%
Elke Adem Die Je Neemt Every Breath You Take
54%
Neem Me Mee Naar De Kerk Take Me To Church
54%
De Wetenschapper The Scientist
54%
Zoals Het Was As It Was
46%
Laat Het Zijn Let It Be
46%
Trap Naar De Hemel Stairway To Heaven
46%
De Ketting The Chain
46%
Sterven Met Een Glimlach Die With A Smile
38%
Stel Je Voor Imagine
31%
Rijbewijs Drivers Licence
15%
Oppervlakkig Shallow
8%
No matching quizzes found
Score Distribution
Percent of People with Each Score
Percentile by Number Answered
Your Score History
You have not taken this quiz